[Event "Kalyan op 2nd"]
[Site "Kalyan"]
[Date "2019.01.31"]
[Round "4"]
[White "Gusain, Himal"]
[Black "Subramanian, RM."]
[Result "1-0"]
[WhiteElo "2371"]
[BlackElo "1780"]
[PlyCount "81"]
[EventDate "2019.01.29"]
[EventType "swiss"]
[EventRounds "10"]
[EventCountry "IND"]
[SourceTitle "CBM 188 Extra"]
[Source "ChessBase"]
[SourceDate "2019.02.28"]
[SourceVersion "1"]
[SourceVersionDate "2019.02.28"]
[SourceQuality "1"]

1. Nf3 d6 2. c4 g6 3. Nc3 Bg7 4. d3 Nc6 5. g3 e5 6. Bg2 f5 7. 0-0 Nf6 8. Ne1 0-0 9. Nc2 h6 10. f4 Qe7 11. Ne3 Nd4 12. Ned5 Qf7 13. Rb1 c6 14. Nxf6+ Qxf6 15. b4 Ne6 16. Bb2 exf4 17. gxf4 g5 18. e3 Qe7 19. Qd2 Bd7 20. Rbe1 Rae8 21. d4 gxf4 22. d5 fxe3 23. Rxe3 Bd4 24. dxe6 Qxe6 25. Qxd4 Qxe3+ 26. Qxe3 Rxe3 27. Rd1 f4 28. Kf2 Be6 29. Bf1 Bh3 30. Be2 Re6 31. Bf3 a6 32. Ne4 Rd8 33. Nf6+ Kf7 34. Nh5 Bf5 35. Nxf4 Re7 36. Bh5+ Kg8 37. Bf6 Re4 38. Bxd8 Rxf4+ 39. Kg3 Rxc4 40. Rxd6 Rxb4 41. Bf6 1-0

[Event "Chennai op 9th"]
[Site "Chennai"]
[Date "2017.01.23"]
[Round "8"]
[White "Subramanian, RM."]
[Black "Harsh, Suresh"]
[Result "1-0"]
[WhiteElo "1832"]
[BlackElo "1557"]
[PlyCount "57"]
[EventDate "2017.01.18"]
[EventType "swiss"]
[EventRounds "10"]
[EventCountry "IND"]
[SourceTitle "CBM 176 Extra"]
[Source "ChessBase"]
[SourceDate "2017.03.02"]
[SourceVersion "1"]
[SourceVersionDate "2017.03.02"]
[SourceQuality "1"]

1. e4 c5 2. Nc3 Nc6 3. f4 g6 4. Nf3 Bg7 5. Bb5 e6 6. Bxc6 bxc6 7. e5 Ne7 8. Ne4 0-0 9. Nxc5 d6 10. exd6 Qxd6 11. d4 f6 12. 0-0 e5 13. Ne4 Qc7 14. dxe5 fxe5 15. fxe5 Ba6 16. Re1 Bxe5 17. Nxe5 Qxe5 18. Bg5 Kg7 19. Qd7 Rf7 20. Bf6+ Rxf6 21. Nxf6 Qc5+ 22. Kh1 Kxf6 23. Qe6+ Kg7 24. Qxe7+ Qxe7 25. Rxe7+ Kg8 26. Rd1 Rf8 27. h3 Bc8 28. Rxa7 c5 29. Re1 1-0

[Event "IND-ch U19 44th"]
[Site "Mumbai"]
[Date "2014.07.11"]
[Round "2"]
[White "Subramanian, RM."]
[Black "Sidhant, Mohapatra"]
[Result "0-1"]
[WhiteElo "1888"]
[BlackElo "2255"]
[PlyCount "54"]
[EventDate "2014.07.10"]
[EventType "swiss"]
[EventRounds "11"]
[EventCountry "IND"]
[SourceTitle "EXT 2016"]
[Source "ChessBase"]
[SourceDate "2015.10.08"]
[SourceVersion "1"]
[SourceVersionDate "2015.10.08"]
[SourceQuality "1"]

1. e4 c5 2. b4 cxb4 3. a3 bxa3 4. Nxa3 e6 5. Nf3 Nc6 6. d4 Bb4+ 7. Bd2 Bxd2+ 8. Qxd2 Nf6 9. Bd3 d5 10. e5 Ne4 11. Qf4 Qa5+ 12. Ke2 0-0 13. Bxe4 dxe4 14. Qxe4 Rd8 15. Rhd1 Ne7 16. Rd3 h6 17. g4 Bd7 18. g5 h5 19. g6 Nxg6 20. Rg1 Bc6 21. Qe3 Rac8 22. c4 Bxf3+ 23. Qxf3 h4 24. Qxb7 Nf4+ 25. Ke3 Nxd3 26. Qg2 g6 27. Qe4 Nxe5 0-1